| 000 | 00864nam a2200253 i 4500 | ||
|---|---|---|---|
| 001 | 000038104 | ||
| 003 | DO-SdBNP | ||
| 005 | 20240216125040.0 | ||
| 007 | ta | ||
| 008 | 110427s19? dr 000 0 spa d | ||
| 040 |
_aDO-SdBNP _bspa _cBNPHU _erda |
||
| 082 |
_222 _bC933 |
||
| 245 | 1 | _aCristóbal Colón | |
| 264 |
_aCiudad Trujillo : _bEditora no identificada, _cfecha no identificada |
||
| 300 |
_a[15] paginas ; _c22 cm. |
||
| 336 |
_2rdacontent _atexto _btxt |
||
| 337 |
_2rdamedia _asin mediación _bn |
||
| 338 |
_2rdacarrier _avolumen _bnc |
||
| 500 | _aeste folleto inicia en la pagina 721 y termina en la pagina 736, es un apendices | ||
| 505 | _aLos trabajos primero y último han sido hechos en el laboratorio de la facultad de farmacia de la Universidad de Santo Domingo | ||
| 590 | _aInventariado, 2024/ DG | ||
| 910 | _aDG | ||
| 942 |
_2ddc _cLF2 |
||
| 999 |
_c55726 _d55726 |
||